The power of logic (Record no. 46)
[ view plain ]
| 000 -LEADER | |
|---|---|
| fixed length control field | 00760nam a22001697a 4500 |
| 008 - FIXED-LENGTH DATA ELEMENTS--GENERAL INFORMATION | |
| fixed length control field | 110830t xxu||||| |||| 00| 0 eng d |
| 020 ## - INTERNATIONAL STANDARD BOOK NUMBER | |
| International Standard Book Number | 0767420330 9780767420334 |
| 050 ## - LIBRARY OF CONGRESS CALL NUMBER | |
| Classification number | BC61.L28 |
| 100 ## - MAIN ENTRY--PERSONAL NAME | |
| Personal name | Layman, C. Stephen |
| Fuller form of name | C. Stephen Layman |
| 245 ## - TITLE STATEMENT | |
| Title | The power of logic |
| Statement of responsibility, etc. | C. Stephen Layman |
| 260 ## - PUBLICATION, DISTRIBUTION, ETC. | |
| Place of publication, distribution, etc. | Mountain View, Calif. |
| Name of publisher, distributor, etc. | Mayfield Pub. |
| Date of publication, distribution, etc. | 2001 |
| 300 ## - PHYSICAL DESCRIPTION | |
| Extent | ix, 592 p |
| Dimensions | 24 cm. |
| 500 ## - GENERAL NOTE | |
| General note | Includes index |
| 505 ## - FORMATTED CONTENTS NOTE | |
| Formatted contents note | Contents: Basic concepts -- Identifying arguments -- Logic and language -- Informal fallacies -- Categorical logic: Statements -- Categorical logic: Syllogisms -- Statement logic: Truth tables -- Statement logic: Proofs -- Predicate logic -- Induction -- Probability -- Answer key -- Glossary |
| 650 ## - SUBJECT ADDED ENTRY--TOPICAL TERM | |
| Topical term or geographic name entry element | Logic |
| 942 ## - ADDED ENTRY ELEMENTS (KOHA) | |
| Source of classification or shelving scheme | Library of Congress Classification |
| Koha item type | Books |
| Withdrawn status | Lost status | Source of classification or shelving scheme | Damaged status | Not for loan | Home library | Current library | Shelving location | Date acquired | Total Checkouts | Full call number | Barcode | Date last seen | Copy number | Price effective from | Koha item type |
|---|---|---|---|---|---|---|---|---|---|---|---|---|---|---|---|
| Library of Congress Classification | WISCONSIN INTERNATIONAL UNIVERSITY COLLEGE, GHANA - MAIN LIBRARY | WISCONSIN INTERNATIONAL UNIVERSITY COLLEGE, GHANA - MAIN LIBRARY | General Stacks | 30/08/2011 | BC61.L28 | 115/11 | 30/08/2011 | 1 | 30/08/2011 | Books |
